000 00289nam a2200121Ia 4500
005 20251222154401.0
008 251222s9999||||xx |||||||||||||| ||spa||
020 _a84-320-9106-5
082 _a828.84/S79F
100 _a"Stevenson, Robert Louis"
245 0 _aLa flecha negra
942 _cLIB
999 _c35294
_d35294